|
|
|
|
| LEADER |
00000nab a22000005a 4500 |
| 001 |
AR-BbUGT9445 |
| 003 |
AR-BbUGT |
| 005 |
20210225194558.0 |
| 007 |
ta |
| 008 |
090930s2005||||ag |||p |||| 0|||||spa d |
| 999 |
|
|
|c 14967
|d 14967
|
| 040 |
|
|
|a AR-BbUGT
|c AR-BbUGT
|
| 100 |
1 |
|
|a Plot, Beatriz
|
| 245 |
1 |
0 |
|a Gestión pública y participación ciudadana en el municipio de La Plata
|
| 651 |
|
4 |
|9 382
|a La Plata (Argentina)
|
| 653 |
|
|
|a Participación Ciudadana
|
| 653 |
|
|
|a Tecnologías de Gestión
|
| 773 |
0 |
|
|o R6705.44
|g Vol. 1, no. 1 (2005), p. 165-181
|t Geograficando
|x 1850-1885
|w AR-BbUGT7144
|
| 942 |
|
|
|2 ddc
|c ARTPP
|